| 000 | 00343nam a2200145Ia 4500 | ||
|---|---|---|---|
| 005 | 20251222153522.0 | ||
| 008 | 251222s9999||||xx |||||||||||||| ||spa|| | ||
| 020 | _a9789972427331 | ||
| 082 | _a631.587/O64 | ||
| 100 | _aOré, Maria Teresa | ||
| 245 | 0 | _aAgua Bien ComĂșn Usos Privado: | |
| 250 | _a1ra. ed. | ||
| 264 | _bPUCP | ||
| 942 | _cLIB | ||
| 999 |
_c29762 _d29762 |
||